| 000 | 01053nam a22003137a 4500 | ||
|---|---|---|---|
| 003 | CHAP | ||
| 005 | 20220329140257.0 | ||
| 008 | 971013s1968 r 00010 d | ||
| 010 | _a49631 | ||
| 011 | _a50603 | ||
| 035 | _a54753 | ||
| 040 | _cCHAP | ||
| 090 | _aFolleto 901 | ||
| 100 | 0 | 0 |
_aRobles Gutiérrez, Leonel H. _998081 |
| 245 | _aEducación agrícola superior en México | ||
| 260 |
_a(México, D. F.) : _breunión Nacional de Ciencia y Tecnología en la Reforma Agraria, _c1968 |
||
| 300 | _a40 h. | ||
| 490 | _aDocumento C-T-Ref/ Agr. III-38 (3) | ||
| 590 |
_aBATCH-UPD _b10 _c20130110 _lUCH01 _h0535 |
||
| 590 |
_aBATCH-UPD _b10 _c20130410 _lUCH01 _h0216 |
||
| 590 |
_aBATCH-UPD _b10 _c20130914 _lUCH01 _h1212 |
||
| 590 |
_aCONVERSION _b10 _c20130109 _lUCH01 _h1327 |
||
| 650 | 1 | 4 |
_aEducación agrícola _zMéxico. _935552 |
| 830 | 0 |
_aDocumento C-T-Ref/ Agr. III-38 (3) _933208 |
|
| 901 | _aBK | ||
| 942 | _cFOLL | ||
| 949 |
_aFolleto 901 _bBC _cFOLL _d-120611 _eTS1 _i54753 _si |
||
| 949 |
_aFolleto 901 _bBC _cFOLL _d-120613 _eTS2 _fc.2 _i54753 _si |
||
| 999 |
_c49631 _d49631 |
||